000 00667nam a2200157 a 4500
008 081121s1997 ||||||||||||||||| || u
050 _aIBRD-IFC(058)AR/1997
110 _aInternational Finance Corporation (IFC)
245 1 0 _aInternational Finance Corporation (IFC) annual report, 1997
_cby International Finance Corporation [IFC]
260 _aWashington, D.C.:
_bWorld Bank
_c1997
300 _aix, 170p.: ill.
350 _a0.00
650 _aBANKS
650 _aWORLD BANK--ANNUAL REPORTS
995 _D0.00
_FCBU-MAIN LIBRARY (Kitwe)
_H1
_I0.00
_M1
_UAVAILABLE
_WNov 21, 2008
_ZInternational Publications
999 _c47381
_d47381